003470000a2200097000450024501150000004100130011550000450012870000200017310000210019377300350021410aNocturnal perching of Scarabaeine dung beetles (Coleptera, Scarabaeidae) in an Australian tropical rain forest0 aInglés a1 aHowden, Anne T.1 aHowden, Henry F.1 tBiotropicah1q51-57d1991g23